000 00449nam a2200157 4500
001 107070
003 ES-MaACL
007 t|
008 061121s1985 xxk r ||||1| eng d
020 _a0-7201-1720-8
100 1 _aMorgan, Bryan.
_983509
245 1 0 _aKeyguide to information sources in agricultural engineering /
_cBryan Morgan.
260 _aLondon :
_bMansell,
_c1985.
300 _a209 p. ;
_c24 cm.
852 _aES-MaACL
_jL-8143
_bR.108726
999 _c107070
_d107070